Controversias en materia de arrendamiento inmobiliario 2003 /

Obra en que se abordan las controversias en torno al contrato de arrendamiento, jurisdicción voluntaria, subarrendamiento, rescisión del contrato, incidentes, recursos, queja, revocación y apelación. Contiene: Marco normativo de la materia; Jurisprudencia y tesis aisladas correlacionadas de la mater...

Descrición completa

Gardado en:
Detalles Bibliográficos
Outros autores: Juárez Cacho, Angel J. (dir.) Conductor, Brindis Bello, Miguel A. (dirección) (dirección), Muñoz Flores, Salvador (programación) (programación)
Formato: Electrónico
Idioma:Lingua castelá
Publicado: México : Raúl Juárez Carro : Centro de Investigación de Contenidos y Aplicaciones de Software Jurídico, 2003, c2003
Temas:
Etiquetas: Engadir etiqueta
Sen Etiquetas, Sexa o primeiro en etiquetar este rexistro!

MARC

LEADER 00000nmm^a2200000^a^4500
001 000154619
005 20250521000000.0
009 20260310100401.384
037 |a Acervo ITESO - Biblioteca 
041 |a ESP 
082 |a 346. 720434  |b JUA 2003 
100 |a Juárez Cacho, Angel J.  |e (dir.) 
245 1 0 |a Controversias en materia de arrendamiento inmobiliario 2003 /  |c Dir. de A.J. Juárez Cacho, M.A. Brindis Bello ; autor del software S. Muñoz Flores. 
264 4 |a México :  |b Raúl Juárez Carro :  |b Centro de Investigación de Contenidos y Aplicaciones de Software Jurídico,  |c 2003, c2003 
300 |a 1 disco compacto de computadora 
336 |a datos para computadora  |b cod  |2 rdacontenido 
337 |a computadora  |b c  |2 rdamedio 
338 |a disco de computadora  |b cd  |2 rdasoporte 
520 |a Obra en que se abordan las controversias en torno al contrato de arrendamiento, jurisdicción voluntaria, subarrendamiento, rescisión del contrato, incidentes, recursos, queja, revocación y apelación. Contiene: Marco normativo de la materia; Jurisprudencia y tesis aisladas correlacionadas de la materia; Esquemas procesales de cada una de las etapas; Formularios actualizados y clasificados para cada una de las etapas del proceso; Abstract doctrinal de conceptos jurídicos más utilizados en la materia. 
649 |a XX 
650 |a Derecho de Crédito o de las Obligaciones -  |z México 
650 |a Rescisión (Derecho) -  |z México 
650 |a Arrendamiento Inmobiliario -  |z México -  |x Aspectos Jurídicos 
650 |a Contratos Comerciales de Arrendamiento -  |z México 
650 |a Derecho Mercantil -  |z México 
650 |a Derecho Civil -  |z México 
650 |a Derecho Privado -  |z México 
700 |a Brindis Bello, Miguel A.  |e (dirección) 
700 |a Muñoz Flores, Salvador  |e (programación) 
910 |a Fondo General 
920 |a Electrónicos - Recursos en Disco 
905 |a 207 
901 |a 0500086804  |b IT2  |c SWB  |u 20250521 
902 |a https://opac.biblio.iteso.mx/vufind/Record/000154619